| 000 | 00812nam a22002297a 4500 | ||
|---|---|---|---|
| 005 | 20180222105901.0 | ||
| 010 | _aB-689595 | ||
| 020 |
_c1195.00 _a9789380559391 |
||
| 035 | _aB-689595 | ||
| 037 |
_bBSB _adpl |
||
| 082 | _a346.016 | ||
| 100 | _aDewan, V.K. | ||
| 245 |
_aLaw relating to dowry prohibition : _ban up-to-date, lucid and exhaustive commentary with case law on the dowry prohibition act, 1961 / _cby V.K. Dewan |
||
| 250 | _a2nd ed | ||
| 260 |
_aHyderabad _bAsia Law House _c2010 |
||
| 270 |
_aOpp. High Court, _bHyderabad |
||
| 300 |
_alxxx,1294p. _c25cm(Hb) |
||
| 500 | _aIncludes index | ||
| 505 | _aRashtrapati Bhawan | ||
| 942 |
_2ddc _cEN _mDEW _h346.016 |
||
| 999 |
_c150083 _d150083 |
||